000 00830cam a2200253 a 4500
001 ca 24000901
003 DLC
005 20260227111113.0
008 860205s1924 ksu 000 0deng
010 _aca 24000901
040 _aDLC
_cCarP
_dDLC
050 1 0 _aPR1209
_b.W4
050 0 0 _aMicrofilm 35017 PR
051 _aAC1
_b.L8 no. 501
100 1 _aWhiting, Bartlett Jere,
_d1904-
245 1 0 _aPoems of Carew, Suckling, Lovelace, and Herbert :
_bwith biographical introductions /
_cby Bartlett J. Whiting.
260 _aGirard, Kan. :
_bHaldeman-Julius Co.,
_cc1924.
300 _a64 p. ;
_c13 cm.
440 0 _aLittle blue book ;
_vno. 501
700 1 _aCarew, Thomas,
_d1595?-1639.
700 1 _aSuckling, John,
_cSir,
_d1609-1642.
700 1 _aLovelace, Richard,
_d1618-1658.
700 1 _aHerbert, George,
_d1593-1633.
999 _c15901
_d15901